Southville International School and Colleges
Your cart is empty.
  • Cart
  • Lists
    Public lists Eva Luna New books Lux_list list_1
    Your lists Log in to create your own lists
  • Log in to your account
  • Your cookies
  • Search history
Southville International School and Colleges
  • Advanced search
  • Recent comments
  • Most popular
  • Libraries

Log in to your account

Log in with GOOGLE


If you do not have an external account, but do have a local account, you can still log in:

  1. Home
  2. MARC view: Rizal in our time : essays in interpretation
Normal view MARC view ISBD view

Rizal in our time : essays in interpretation (Record no. 17333)

[ view plain ]
MARC details
000 -LEADER
fixed length control field 00588nam a22002177a 4500
003 - CONTROL NUMBER IDENTIFIER
control field OSt
005 - DATE AND TIME OF LATEST TRANSACTION
control field 20140310182920.0
008 - FIXED-LENGTH DATA ELEMENTS--GENERAL INFORMATION
fixed length control field 130129t xxu||||| |||| 00| 0 eng d
020 ## - INTERNATIONAL STANDARD BOOK NUMBER
International Standard Book Number 9789712725883
050 ## - LIBRARY OF CONGRESS CALL NUMBER
Classification number DS 675.8
Item number .Sa195 2011
082 ## - DEWEY DECIMAL CLASSIFICATION NUMBER
Classification number F959.9025
Item number .S194 2011
245 ## - TITLE STATEMENT
Title Rizal in our time : essays in interpretation
Statement of responsibility, etc Epifanio San Juan, Jr
250 ## - EDITION STATEMENT
Edition statement rev. ed.
260 ## - PUBLICATION, DISTRIBUTION, ETC. (IMPRINT)
Place of publication, distribution, etc Manila
Name of publisher, distributor, etc Anvil Publishing
Date of publication, distribution, etc 2011
300 ## - PHYSICAL DESCRIPTION
Extent xvi, 212 p.
Dimensions 22 cm.
521 ## - TARGET AUDIENCE NOTE
Target audience note
526 ## - STUDY PROGRAM INFORMATION NOTE
Reading level 1210L-1700L
541 ## - IMMEDIATE SOURCE OF ACQUISITION NOTE
-- 1
562 ## - COPY AND VERSION IDENTIFICATION NOTE
Number of copies 1
942 ## - ADDED ENTRY ELEMENTS (KOHA)
Source of classification or shelving scheme Library of Congress Classification
Koha item type Books
Call number prefix Filipininana
Holdings
Withdrawn status Lost status Source of classification or shelving scheme Damaged status Home library Current library Shelving location Date acquired Source of acquisition Total Checkouts Total Renewals Full call number Barcode Date last seen Date checked out Price effective from Koha item type
    Library of Congress Classification   College Library College Library Filipiniana Section 01/29/2013 Donation 6 31 DS 675.8.R5 .Sa195 2011 c14007 02/11/2020 02/04/2020 01/29/2013 Books

Rizal in our time : essays in interpretation

APA

(2011). Rizal in our time : essays in interpretation. Manila: Anvil Publishing.

Chicago

2011. Rizal in our time : essays in interpretation. Manila: Anvil Publishing.

Harvard

(2011). Rizal in our time : essays in interpretation. Manila: Anvil Publishing.

MLA

Rizal in our time : essays in interpretation. Manila: Anvil Publishing. 2011.

  • Place hold
  • Print
  • Cite
  • Add to your cart (remove)
  • Save record
    BIBTEX Dublin Core MARCXML MARC (non-Unicode/MARC-8) MARC (Unicode/UTF-8) MARC (Unicode/UTF-8, Standard) MODS (XML) RIS
  • More searches
    Search for this title in:
    Other Libraries (WorldCat) Other Databases (Google Scholar) Online Stores (Bookfinder.com) Open Library (openlibrary.org)

Exporting to Dublin Core...

SOUTHVILLE LIBRARY

Southville International School and Colleges Library

1281 Tropical Ave. Cor. Luxembourg St., BF Homes International, Las Pinas City

Tel. No. 8256374 / 252358 Loc. 117/146

Powered by Koha